LEADER 00831nam2-22003011i-450- 001 990000174860403321 035 $a000017486 035 $aFED01000017486 035 $a(Aleph)000017486FED01 035 $a000017486 100 $a20011111d--------km-y0itay50------ba 101 0 $aita 105 $ay-------001yy 200 1 $a[Tavole]. 17 tav. : ill. 210 $aTorino$cPresso A.F. Negro$d1869- 215 $av.$d24 cm 461 0$1001000013237$12001$aGeometria pratica applicata all'arte del costruttore 610 0 $aTopografia 676 $a526.89 700 1$aCurioni,$bGiovanni$f<1831-1887> 801 0$aIT$bUNINA$gRICA$2UNIMARC 901 $aBK 912 $a990000174860403321 952 $a13 AR 25 B 30$b9259$fFINBC 952 $a13 AR 25 B 29$b9258$fFINBC 959 $aFINBC 997 $aUNINA DB $aING01